[Event "Milan SSM op"]
[Site "Milan"]
[Date "2015.01.20"]
[Round "3"]
[White "Baccarin, Stefano"]
[Black "Silari, Andrea"]
[Result "1-0"]
[WhiteElo "1673"]
[BlackElo "1719"]
[PlyCount "63"]
[EventDate "2015.01.13"]
[EventType "swiss"]
[EventRounds "8"]
[EventCountry "ITA"]
[SourceTitle "EXT 2017"]
[Source "ChessBase"]
[SourceDate "2016.10.25"]
[SourceVersion "1"]
[SourceVersionDate "2016.10.25"]
[SourceQuality "1"]

1. e4 c5 2. Nc3 Nc6 3. g3 g6 4. Bg2 Bg7 5. f4 e6 6. Nf3 Nge7 7. 0-0 0-0 8. d3 a6 9. Ne2 b5 10. c3 Bb7 11. Qc2 Rc8 12. Be3 d6 13. Rfd1 Qc7 14. d4 cxd4 15. Nexd4 Nxd4 16. Bxd4 d5 17. e5 Nf5 18. Bf2 b4 19. Rd3 Rfd8 20. Nd4 Nxd4 21. Bxd4 Bf8 22. Qf2 Qc4 23. Bf1 Qc6 24. Rad1 a5 25. g4 bxc3 26. Rxc3 Qa4 27. Rb3 Bc6 28. f5 exf5 29. gxf5 Bg7 30. Qh4 Ba8 31. Bb5 Qxa2 32. Ra3 1-0

[Event "Milan Crespi op-C 33rd"]
[Site "Milan"]
[Date "2012.12.09"]
[Round "7"]
[White "Baccarin, Stefano"]
[Black "Podetti, Davide"]
[Result "0-1"]
[WhiteElo "1701"]
[BlackElo "1712"]
[PlyCount "64"]
[EventDate "2012.12.05"]
[EventType "swiss"]
[EventRounds "7"]
[EventCountry "ITA"]
[SourceTitle "EXT 2024"]
[Source "ChessBase"]
[SourceDate "2023.10.10"]
[SourceVersion "1"]
[SourceVersionDate "2023.10.10"]
[SourceQuality "1"]

1. e4 e5 2. Nf3 Nc6 3. Bb5 a6 4. Ba4 Nf6 5. d3 d6 6. c3 Bd7 7. Nbd2 Be7 8. Nf1 0-0 9. Ne3 Re8 10. Bb3 Be6 11. Bxe6 fxe6 12. Ng5 Qc8 13. Ng4 d5 14. Nxf6+ Bxf6 15. Qg4 Qd7 16. Bd2 Bxg5 17. Bxg5 Qf7 18. 0-0-0 d4 19. h4 dxc3 20. bxc3 Qxf2 21. Rd2 Qc5 22. Rc2 Qa3+ 23. Kd2 Qd6 24. Bf6 Qd7 25. Ke3 Rf8 26. Rf2 Kh8 27. Bg5 Rxf2 28. Kxf2 Qxd3 29. Rd1 Rf8+ 30. Kg1 Qxc3 31. Rd7 Qe1+ 32. Kh2 Rf1 0-1

[Event "Milan Crespi op-C 33rd"]
[Site "Milan"]
[Date "2012.12.09"]
[Round "6"]
[White "Donadi, Luca"]
[Black "Baccarin, Stefano"]
[Result "1-0"]
[WhiteElo "1689"]
[BlackElo "1701"]
[PlyCount "83"]
[EventDate "2012.12.05"]
[EventType "swiss"]
[EventRounds "7"]
[EventCountry "ITA"]
[SourceTitle "EXT 2024"]
[Source "ChessBase"]
[SourceDate "2023.10.10"]
[SourceVersion "1"]
[SourceVersionDate "2023.10.10"]
[SourceQuality "1"]

1. e4 c5 2. Ne2 Nc6 3. g3 g6 4. Bg2 Bg7 5. 0-0 e6 6. d3 Nge7 7. Nbc3 0-0 8. Bg5 f6 9. Be3 d6 10. d4 cxd4 11. Nxd4 Nxd4 12. Bxd4 Nc6 13. Ne2 Qc7 14. c3 Na5 15. Rc1 Bd7 16. b3 a6 17. Qd2 Nc6 18. Rfd1 Rad8 19. Qe3 Qb8 20. Bb6 Rde8 21. Qd3 d5 22. exd5 Ne5 23. Qc2 exd5 24. Bxd5+ Be6 25. Bg2 Bf5 26. Qd2 Nd3 27. Ra1 Qe5 28. Nd4 Nc5 29. Nxf5 Qxf5 30. Bd5+ Ne6 31. Re1 Kh8 32. Bxe6 Rxe6 33. Rxe6 Qxe6 34. Be3 f5 35. Rd1 h5 36. c4 Bf6 37. Qd6 Qf7 38. Qd7 Qxd7 39. Rxd7 Rd8 40. Rxb7 Rd1+ 41. Kg2 Bd4 42. Rd7 1-0

[Event "Milan Crespi op-C 33rd"]
[Site "Milan"]
[Date "2012.12.06"]
[Round "2"]
[White "Marinescu, Gheorge"]
[Black "Baccarin, Stefano"]
[Result "0-1"]
[WhiteElo "1618"]
[BlackElo "1701"]
[PlyCount "74"]
[EventDate "2012.12.05"]
[EventType "swiss"]
[EventRounds "7"]
[EventCountry "ITA"]
[SourceTitle "EXT 2024"]
[Source "ChessBase"]
[SourceDate "2023.10.10"]
[SourceVersion "1"]
[SourceVersionDate "2023.10.10"]
[SourceQuality "1"]

1. Nf3 Nf6 2. d4 g6 3. c4 Bg7 4. Nc3 0-0 5. e4 d6 6. h3 e5 7. d5 Nbd7 8. Bg5 h6 9. Be3 a5 10. Qd2 Kh7 11. g4 Ng8 12. 0-0-0 b6 13. Bd3 Nc5 14. Bc2 Bd7 15. Rdg1 a4 16. h4 f6 17. g5 h5 18. gxf6 Qxf6 19. Ng5+ Kh8 20. Ne2 a3 21. b3 c6 22. Rg3 cxd5 23. exd5 Ne7 24. Rhg1 Nf5 25. Ne6 Nxg3 26. Rxg3 Bxe6 27. Rxg6 Nxb3+ 28. axb3 a2 29. Rxf6 a1Q+ 30. Bb1 Rxf6 31. dxe6 Rxe6 32. Qd3 e4 33. Qd5 Qb2+ 34. Kd1 Qxb1+ 35. Nc1 Ra1 36. Qxh5+ Kg8 37. Qd5 Qxb3+ 0-1

[Event "Milan Crespi op-C 33rd"]
[Site "Milan"]
[Date "2012.12.05"]
[Round "1"]
[White "Baccarin, Stefano"]
[Black "Bonghi, Fabrizio"]
[Result "1-0"]
[WhiteElo "1701"]
[BlackElo "1554"]
[PlyCount "54"]
[EventDate "2012.12.05"]
[EventType "swiss"]
[EventRounds "7"]
[EventCountry "ITA"]
[SourceTitle "EXT 2024"]
[Source "ChessBase"]
[SourceDate "2023.10.10"]
[SourceVersion "1"]
[SourceVersionDate "2023.10.10"]
[SourceQuality "1"]

1. e4 e6 2. d4 d5 3. Nc3 Bb4 4. e5 Ne7 5. a3 Bxc3+ 6. bxc3 b6 7. Bd3 Ng6 8. Nh3 c5 9. 0-0 0-0 10. a4 Ba6 11. f4 Bxd3 12. Qxd3 f5 13. Ng5 Qd7 14. Qg3 cxd4 15. Ba3 Rc8 16. cxd4 Rxc2 17. Qh3 h6 18. Qh5 Rxg2+ 19. Kxg2 hxg5 20. Qxg6 g4 21. Bd6 Nc6 22. Rfc1 Rc8 23. Ra3 Nxd4 24. Rac3 Rxc3 25. Rxc3 Nc6 26. h3 d4 27. Rd3 Qf7 1-0

[Event "Crema op 13th"]
[Site "Crema"]
[Date "2011.09.02"]
[Round "1"]
[White "Baccarin, Stefano"]
[Black "Ventura, Franco"]
[Result "0-1"]
[WhiteElo "1770"]
[BlackElo "2098"]
[PlyCount "102"]
[EventDate "2011.09.02"]
[EventType "swiss"]
[EventRounds "6"]
[EventCountry "ITA"]
[SourceTitle "EXT 2022"]
[Source "ChessBase"]
[SourceDate "2021.10.06"]
[SourceVersion "1"]
[SourceVersionDate "2021.10.06"]
[SourceQuality "1"]

1. e4 d6 2. d4 Nf6 3. Nc3 g6 4. f4 Bg7 5. Nf3 0-0 6. h3 c5 7. Be3 cxd4 8. Nxd4 Nc6 9. Qd2 Bd7 10. 0-0-0 Nxd4 11. Bxd4 Bc6 12. Qe3 Qa5 13. g4 e5 14. fxe5 dxe5 15. Bc5 Rfc8 16. Ba3 b5 17. g5 Nh5 18. Nd5 Bxd5 19. Rxd5 a6 20. Qb3 Qe1+ 21. Rd1 Qxe4 22. Bd3 Qb7 23. Rhe1 Rd8 24. c3 Rac8 25. Kb1 Nf4 26. Be4 Qc7 27. h4 Rxd1+ 28. Rxd1 Rd8 29. Bb4 h6 30. a4 hxg5 31. hxg5 Rxd1+ 32. Qxd1 a5 33. Bd6 Qc4 34. Bc2 bxa4 35. Bxa4 Ne6 36. Bb3 Qe4+ 37. Bc2 Qc6 38. Be7 e4 39. Qe2 Qb7 40. Bf6 Nc5 41. Qe3 Qd5 42. Bxg7 Kxg7 43. Qd4+ Qxd4 44. cxd4 Ne6 45. Bxe4 Nxg5 46. Bg2 Ne6 47. d5 Nf4 48. d6 Kf6 49. d7 Ke7 50. Bc6 Ne6 51. Kc2 Nd4+ 0-1

[Event "Milan Crespi op-B 31th"]
[Site "Milan"]
[Date "2010.12.08"]
[Round "6"]
[White "Mei, Gianluca"]
[Black "Baccarin, Stefano"]
[Result "1-0"]
[WhiteElo "1881"]
[BlackElo "1810"]
[PlyCount "63"]
[EventDate "2010.12.04"]
[EventType "swiss"]
[EventRounds "7"]
[EventCountry "ITA"]
[SourceTitle "EXT 2024"]
[Source "ChessBase"]
[SourceDate "2023.10.10"]
[SourceVersion "1"]
[SourceVersionDate "2023.10.10"]
[SourceQuality "1"]

1. e4 c5 2. Nc3 d6 3. g3 Nf6 4. Bg2 Bg4 5. f3 Bh5 6. g4 Bg6 7. f4 h6 8. e5 dxe5 9. fxe5 Ng8 10. Bxb7 Nd7 11. Bxa8 Qxa8 12. Qf3 Qb8 13. Nge2 Nxe5 14. Qf4 Bxc2 15. 0-0 Nf6 16. h3 g5 17. Qe3 h5 18. d4 Nc4 19. Qxg5 hxg4 20. Qxc5 Nd6 21. Qc6+ Kd8 22. Bf4 gxh3 23. Bxd6 Rg8+ 24. Kh1 exd6 25. Rxf6 h2 26. Rxf7 Be7 27. Raf1 Bg6 28. R7f2 Be8 29. Qe4 Bg6 30. Qe6 Qa8+ 31. d5 Bh7 32. Rf7 1-0

[Event "Milan Crespi op-B 31th"]
[Site "Milan"]
[Date "2010.12.07"]
[Round "5"]
[White "Baccarin, Stefano"]
[Black "Arboscelli, Gregorio"]
[Result "0-1"]
[WhiteElo "1810"]
[BlackElo "1906"]
[PlyCount "78"]
[EventDate "2010.12.04"]
[EventType "swiss"]
[EventRounds "7"]
[EventCountry "ITA"]
[SourceTitle "EXT 2024"]
[Source "ChessBase"]
[SourceDate "2023.10.10"]
[SourceVersion "1"]
[SourceVersionDate "2023.10.10"]
[SourceQuality "1"]

1. e4 c5 2. Nc3 Nc6 3. g3 g6 4. Bg2 Bg7 5. f4 d6 6. Nf3 e6 7. 0-0 Nge7 8. d3 0-0 9. Be3 a6 10. Qd2 b5 11. Rab1 Rb8 12. d4 cxd4 13. Nxd4 Qc7 14. Nce2 Rd8 15. c3 Na5 16. b3 Bb7 17. g4 d5 18. e5 Rbc8 19. Rbc1 Nac6 20. Ng3 Qd7 21. h4 Nxd4 22. cxd4 f5 23. g5 Nc6 24. Bf3 Bf8 25. Kf2 Ba3 26. Rce1 Bb4 27. Qe2 Bxe1+ 28. Qxe1 Qe7 29. Bd1 Nb4 30. Qe2 Nc6 31. h5 Qb4 32. Qb2 a5 33. a3 Qe7 34. Rh1 Kg7 35. Kf1 Rh8 36. Ne2 b4 37. a4 Ba6 38. Ke1 Qc7 39. Bc2 Qa7 0-1

[Event "Crema op 12th"]
[Site "Crema "]
[Date "2010.09.05"]
[Round "4"]
[White "Baccarin, Stefano"]
[Black "Cambieri, Mario"]
[Result "1-0"]
[WhiteElo "1794"]
[BlackElo "1889"]
[PlyCount "57"]
[EventDate "2010.09.05"]
[EventType "swiss"]
[EventRounds "6"]
[EventCountry "ITA"]
[SourceTitle "EXT 2012"]
[Source "ChessBase"]
[SourceDate "2011.11.24"]
[SourceVersion "1"]
[SourceVersionDate "2011.11.24"]
[SourceQuality "1"]

1. e4 d5 2. exd5 Nf6 3. d4 e6 4. dxe6 Bxe6 5. Nf3 g6 6. Bd3 Bg7 7. c3 0-0 8. 0-0 Nc6 9. Bg5 h6 10. Bh4 Ne7 11. Nbd2 Nf5 12. Bg3 Nxg3 13. fxg3 c5 14. Qc2 cxd4 15. Nxd4 Ng4 16. Nxe6 fxe6 17. Rxf8+ Bxf8 18. Ne4 Qb6+ 19. Kh1 Rd8 20. h3 Qe3 21. Rd1 Rxd3 22. Qxd3 Qxe4 23. hxg4 Qxg4 24. Qf3 Qg5 25. Rd7 Be7 26. Rxb7 h5 27. Qf4 Qc5 28. Qc7 Qxc7 29. Rxc7 1-0

[Event "Milan Crespi op-B 30th"]
[Site "Milan"]
[Date "2009.12.04"]
[Round "1"]
[White "Baccarin, Stefano"]
[Black "Bossoni, Mario"]
[Result "0-1"]
[WhiteElo "1840"]
[BlackElo "1971"]
[PlyCount "80"]
[EventDate "2009.12.04"]
[EventType "swiss"]
[EventRounds "7"]
[EventCountry "ITA"]
[SourceTitle "EXT 2012"]
[Source "ChessBase"]
[SourceDate "2011.11.24"]
[SourceVersion "1"]
[SourceVersionDate "2011.11.24"]
[SourceQuality "1"]

1. e4 c5 2. Nc3 Nc6 3. g3 e6 4. Bg2 Nf6 5. f4 d5 6. e5 d4 7. Nce2 Nd5 8. Nf3 d3 9. cxd3 Ndb4 10. 0-0 Nxd3 11. Ne1 c4 12. Nxd3 cxd3 13. Nc3 Bc5+ 14. Kh1 0-0 15. Ne4 Be7 16. Rf3 b6 17. Qf1 Ba6 18. Nf2 Rc8 19. Ne4 Nd4 20. Rf2 Qc7 21. Qd1 Ne2 22. Rf1 Rfd8 23. Nc3 Rd4 24. Rb1 Rdd8 25. a4 Bb4 26. Na2 Be7 27. b3 Bb7 28. Bf3 Bxf3+ 29. Rxf3 Qb7 30. Qf1 Nd4 31. Kg2 Qxf3+ 32. Qxf3 Nxf3 33. Kxf3 a6 34. Nc3 Bb4 35. Bb2 Kf8 36. Re1 Ke7 37. Re4 Bxc3 38. Bxc3 Rxc3 39. b4 Ra3 40. b5 axb5 0-1

[Event "Milan Citta op-A"]
[Site "Milan"]
[Date "2007.05.20"]
[Round "4"]
[White "D'Alessio, Angelo"]
[Black "Baccarin, Stefano"]
[Result "1-0"]
[WhiteElo "1440"]
[BlackElo "1667"]
[PlyCount "71"]
[EventDate "2007.05.18"]
[EventType "swiss"]
[EventRounds "5"]
[EventCountry "ITA"]
[SourceTitle "EXT 2010"]
[Source "ChessBase"]
[SourceDate "2010.11.25"]
[SourceVersion "1"]
[SourceVersionDate "2010.11.25"]
[SourceQuality "1"]

1. d4 Nf6 2. c4 g6 3. Nc3 Bg7 4. e4 d6 5. Nf3 0-0 6. Be2 e5 7. 0-0 Nc6 8. d5 Ne7 9. Ne1 Nd7 10. b4 f5 11. f3 f4 12. Nd3 g5 13. c5 a6 14. Ba3 b5 15. Bb2 Nf6 16. a4 bxa4 17. Rxa4 Rb8 18. Nf2 h5 19. Ba3 Qe8 20. Bxa6 g4 21. Bxc8 Qxc8 22. b5 Ng6 23. Rc4 Qd7 24. cxd6 cxd6 25. Rc6 Ne8 26. fxg4 f3 27. gxf3 hxg4 28. Nxg4 Nh4 29. Kh1 Qf7 30. Bxd6 Nxd6 31. Rxd6 Nxf3 32. Nh6+ Bxh6 33. Rxh6 Qf4 34. Rh3 Qe3 35. Rhxf3 Rxf3 36. Qxf3 1-0

[Event "Milan Citta op-A"]
[Site "Milan"]
[Date "2007.05.19"]
[Round "2"]
[White "Madaschi, Sergio"]
[Black "Baccarin, Stefano"]
[Result "1/2-1/2"]
[WhiteElo "1511"]
[BlackElo "1667"]
[PlyCount "101"]
[EventDate "2007.05.18"]
[EventType "swiss"]
[EventRounds "5"]
[EventCountry "ITA"]
[SourceTitle "EXT 2010"]
[Source "ChessBase"]
[SourceDate "2010.11.25"]
[SourceVersion "1"]
[SourceVersionDate "2010.11.25"]
[SourceQuality "1"]

1. e4 c5 2. Nc3 d6 3. g3 g6 4. d3 Bg7 5. Bg2 e6 6. f4 Nc6 7. Nf3 Nge7 8. 0-0 0-0 9. Be3 Nd4 10. Rb1 b6 11. Ne2 Nxf3+ 12. Bxf3 Bb7 13. d4 Qc7 14. Nc3 a6 15. Qd2 Rad8 16. Qf2 cxd4 17. Bxd4 Bxd4 18. Qxd4 d5 19. e5 Nf5 20. Qf2 b5 21. a3 Rd7 22. g4 Ng7 23. Rfd1 f5 24. g5 Rfd8 25. Rd4 Rc8 26. Rc1 Qa5 27. Ne2 Rdc7 28. c3 Rc4 29. Rxc4 Rxc4 30. Nd4 Qc7 31. h4 Qc8 32. Kg2 Qd7 33. Rh1 Rc7 34. h5 Qf7 35. hxg6 hxg6 36. Rh6 Bc6 37. Qh4 Kf8 38. Rh8+ Ke7 39. Qh6 Be8 40. Rh7 Kd8 41. Nxe6+ Qxe6 42. Rxg7 Rc4 43. Kg3 Qb6 44. Qh2 Qe3 45. Qh4 Qg1+ 46. Bg2 Qe3+ 47. Bf3 Qg1+ 48. Kh3 Qe3 49. Kg3 Qg1+ 50. Kh3 Qe3 51. Kg3 1/2-1/2